000 00939nam a2200253Ia 4500
003 GCL
008 140319s9999 xx 000 0 ara d
040 _aGCL /
_cGCL
082 0 4 _a332.1
_bج ب
100 1 _aجمال الدين عطية
245 1 0 _aالبنوك الاسلامية بين الحرية والتنظيم, التقويم والاجتهاد, النظرية والتطبيق /
_cجمال الدين عطية
260 _a[S.N] :
_bالمؤسسة الجامعية للدراسات والنشر والتوزيع ،
_c1993
300 _a216 ص
490 _a
650 0 4 _aايران
650 0 4 _aالاقتصاد الاسلامى
650 0 4 _aالاستثمار
650 0 4 _aالمعاملات
650 0 4 _aالبنوك الاسلامية
650 0 4 _aراس المال
650 0 4 _aعلم الاقتصاد الاسلامى
650 0 4 _aبنك فيصل الاسلامى المصرى
942 _2ddc
_cBK
999 _c47574
_d47574